| 000 | 004930000a22001690004500 | ||
|---|---|---|---|
| 003 | MACL | ||
| 005 | 20160120133739.0 | ||
| 008 | 160120b xxu||||| |||| 00| 0 eng d | ||
| 040 |
_aMACL _cMACL |
||
| 041 | _aHindi | ||
| 082 | _a342.06/KOT | ||
| 245 | _aप्रशासनिक विघि | ||
| 260 |
_bसी. जमानादास ऐण्ड कम्पनी _aबम्बई |
||
| 350 | _a40 | ||
| 650 |
_aAdministration Law _933638 |
||
| 942 |
_cHIN _k342.06 KOT _2ddc |
||
| 999 |
_c30689 _d30689 |
||